[Event "VII Festival A"]
[Site "Savigliano ITA"]
[Date "2009.05.31"]
[Round "5"]
[White "Gallucci, Alessio"]
[Black "Guido, Flavio"]
[Result "0-1"]
[WhiteElo "2240"]
[BlackElo "2396"]
[PlyCount "124"]
[EventDate "2009.05.28"]

1. e4 c5 2. Nf3 e6 3. d4 cxd4 4. Nxd4 Nf6 5. Bd3 Nc6 6. Nb3 d5 7. exd5 Nxd5 8.
O-O Be7 9. Qh5 Nf6 10. Qe2 Qc7 11. Nc3 a6 12. Bg5 Nb4 13. Rac1 Bd7 14. Ne4 Nxa2
15. Ra1 Nb4 16. Nxf6+ gxf6 17. Bh4 Nxd3 18. cxd3 Qe5 19. Qd2 Qd5 20. Na5 Rg8
21. Bg3 Rg6 22. Nc4 Bc6 23. Ne3 Qd4 24. Nc2 Qd5 25. Ne3 Qd4 26. Nc2 Qb6 27.
Rfd1 h5 28. Ne3 Qb4 29. d4 Qxd2 30. Rxd2 Rd8 31. d5 Bxd5 32. Nxd5 Rxd5 33. Rxd5
exd5 34. Rc1 Rg4 35. Rc8+ Kd7 36. Rc7+ Kd8 37. Rxb7 Rb4 38. Ra7 Rxb2 39. h4 Ra2
40. Ra8+ Kd7 41. Rh8 d4 42. Rxh5 Ke6 43. f3 d3 44. Be1 d2 45. Bxd2 Rxd2 46. Ra5
Rd6 47. g4 Rc6 48. h5 Bb4 49. Ra2 a5 50. Re2+ Kd7 51. Re4 f5 52. Rf4 fxg4 53.
fxg4 Ke7 54. g5 Rc5 55. Rg4 Kf8 56. Kf2 Bd2 57. g6 Rxh5 58. Rd4 Rf5+ 59. Ke2
Bb4 60. gxf7 Kxf7 61. Kd3 Ke6 62. Kc4 Bd6 0-1

[Event "VII Festival A"]
[Site "Savigliano ITA"]
[Date "2009.05.31"]
[Round "5"]
[White "Godena, Michele"]
[Black "Borgo, Giulio"]
[Result "1/2-1/2"]
[WhiteElo "2538"]
[BlackElo "2440"]
[PlyCount "67"]
[EventDate "2009.05.28"]

1. e4 c6 2. d4 g6 3. Nf3 Bg7 4. c3 d6 5. Bc4 d5 6. Bb3 dxe4 7. Ng5 Nh6 8. Nxe4
Nd7 9. Qe2 O-O 10. h4 Nf6 11. h5 Nf5 12. hxg6 hxg6 13. Nbd2 a5 14. a4 Nd6 15.
Ng5 Qc7 16. Nde4 Ndxe4 17. Nxe4 Nd5 18. Ng5 Qd6 19. Bd2 Bd7 20. O-O Bf5 21.
Rfe1 Rae8 22. Qf3 Bc8 23. Rad1 b6 24. g3 f6 25. Ne4 Qd8 26. c4 Nb4 27. Bxb4
axb4 28. c5+ Kh7 29. Kg2 Bh6 30. Rh1 Kg7 31. cxb6 Qxb6 32. Nc5 e5 33. a5 Qc7
34. Ba4 1/2-1/2

[Event "VII Festival A"]
[Site "Savigliano ITA"]
[Date "2009.05.31"]
[Round "5"]
[White "Marello, Giampiero"]
[Black "Porzio, Franco"]
[Result "0-1"]
[WhiteElo "1709"]
[BlackElo "1649"]
[PlyCount "112"]
[EventDate "2009.05.28"]

1. e4 e5 2. Nf3 Nf6 3. Nxe5 d6 4. Nf3 Nxe4 5. d4 d5 6. Bd3 Be7 7. O-O Bg4 8. c4
c6 9. Bf4 O-O 10. h3 Bh5 11. g4 Bg6 12. c5 b6 13. b4 Nd7 14. Ne5 Nxe5 15. Bxe5
Bh4 16. Bxe4 Bxe4 17. Nd2 f5 18. f3 Bd3 19. Re1 Bxe1 20. Qxe1 Qg5 21. f4 Qg6
22. g5 h6 23. Nf3 Qh5 24. Qg3 Be4 25. gxh6 Qxh6 26. Ng5 Rae8 27. Kh2 Rxe5 28.
dxe5 Rb8 29. Rg1 bxc5 30. Nxe4 dxe4 31. bxc5 Rb2+ 32. Kh1 Rb8 33. e6 Rb7 34.
Rg2 Qxe6 35. Qg5 e3 36. Qd8+ Kf7 37. Qg5 Qf6 38. Qh5+ g6 39. Qe2 Rb1+ 40. Kh2
Qd4 41. Kg3 Rd1 42. Kf3 Qd5+ 43. Kg3 Rd2 44. Qf3 Rxg2+ 45. Kxg2 Qxf3+ 46. Kxf3
e2 47. Kxe2 Ke6 48. Kd3 Kd5 49. h4 Kxc5 50. Kc3 Kd5 51. Kd3 c5 52. a3 a5 53. a4
c4+ 54. Ke3 Kc5 55. Kd2 Kb4 56. Kc2 c3 0-1

[Event "VII Festival A"]
[Site "Savigliano ITA"]
[Date "2009.05.31"]
[Round "5"]
[White "Muha, Zdravko"]
[Black "Astengo, Marcello"]
[Result "0-1"]
[WhiteElo "2113"]
[BlackElo "2114"]
[PlyCount "50"]
[EventDate "2009.05.28"]

1. d4 d5 2. Nf3 c5 3. e3 Nf6 4. Nbd2 Nc6 5. b3 Bg4 6. Be2 e6 7. Bb2 h6 8. O-O
Be7 9. a3 O-O 10. Bd3 cxd4 11. exd4 Rc8 12. h3 Bxf3 13. Qxf3 Bd6 14. Rfe1 Bb8
15. Qe2 Qc7 16. g3 Rfe8 17. Nf3 Nd7 18. Qd2 f5 19. c4 Na5 20. cxd5 Nxb3 21. Qd1
Nxa1 22. dxe6 Nf8 23. Bxa1 Rxe6 24. Qb3 Qf7 25. Rd1 Re1+ 0-1

[Event "VII Festival A"]
[Site "Savigliano ITA"]
[Date "2009.05.31"]
[Round "5"]
[White "Pepino, Enrico"]
[Black "Martin, Tiziano"]
[Result "0-1"]
[WhiteElo "2148"]
[BlackElo "1967"]
[PlyCount "54"]
[EventDate "2009.05.28"]

1. e4 e6 2. d4 d5 3. exd5 exd5 4. c4 Nf6 5. Nc3 Be7 6. cxd5 Nxd5 7. Bd3 O-O 8.
Nf3 Nc6 9. O-O Be6 10. Re1 Nf6 11. a3 Bg4 12. Be3 Re8 13. Rc1 a6 14. Be2 Nd5
15. Qb3 Nxe3 16. fxe3 Bxf3 17. Bxf3 Bg5 18. Ne4 Nxd4 19. exd4 Bxc1 20. Rxc1
Rxe4 21. Bxe4 Qxd4+ 22. Kf1 Qxe4 23. Re1 Qf4+ 24. Kg1 b6 25. Qd5 Rf8 26. Rf1
Qe3+ 27. Kh1 Qe2 0-1

[Event "VII Festival A"]
[Site "Savigliano ITA"]
[Date "2009.05.31"]
[Round "5"]
[White "Piantadosi, Angelo"]
[Black "Barletta, Mauro"]
[Result "1/2-1/2"]
[WhiteElo "1685"]
[BlackElo "2224"]
[PlyCount "93"]
[EventDate "2009.05.28"]

1. e4 d5 2. exd5 Qxd5 3. Nc3 Qd6 4. d4 g6 5. Bc4 Bg7 6. Nge2 Nf6 7. O-O O-O 8.
Bf4 Qd8 9. Qd2 a6 10. Bh6 b5 11. Bxg7 Kxg7 12. Bd3 Nc6 13. f4 Nxd4 14. Qe3 c5
15. Qe5 b4 16. Qxc5 bxc3 17. Nxd4 cxb2 18. Rab1 Rb8 19. Nb3 Be6 20. Rxb2 Qb6
21. Rfb1 Nd5 22. Qxb6 Rxb6 23. Nc5 Rxb2 24. Rxb2 Nxf4 25. Nxe6+ Nxe6 26. Bxa6
Nc5 27. Bc4 e5 28. Rb5 Rc8 29. Bd5 f5 30. Kf2 Kf6 31. Rb6+ Ke7 32. Rc6 Rxc6 33.
Bxc6 Kd6 34. Bf3 e4 35. Be2 Na4 36. Bc4 Ke5 37. Bg8 h6 38. g3 g5 39. Bb3 Nc3
40. a4 Kd4 41. a5 Nb5 42. Ba4 Na7 43. Ke2 f4 44. Kf2 e3+ 45. Ke2 Kc3 46. Bd7
Kxc2 47. Bg4 1/2-1/2

[Event "VII Festival A"]
[Site "Savigliano ITA"]
[Date "2009.05.31"]
[Round "5"]
[White "Piscopo, Pierluigi"]
[Black "Pulito, Alberto"]
[Result "1/2-1/2"]
[WhiteElo "2405"]
[BlackElo "2256"]
[PlyCount "21"]
[EventDate "2009.05.28"]

1. e4 e6 2. Qe2 Nf6 3. Nf3 c5 4. g3 b6 5. Bg2 Bb7 6. d3 Be7 7. c4 d6 8. Nc3 Nc6
9. O-O O-O 10. Rb1 a6 11. a3 1/2-1/2

[Event "VII Festival A"]
[Site "Savigliano ITA"]
[Date "2009.05.31"]
[Round "5"]
[White "Ravazzolo, Gaia"]
[Black "Sotgia, Cosimo"]
[Result "0-1"]
[WhiteElo "1675"]
[BlackElo "1859"]
[PlyCount "113"]
[EventDate "2009.05.28"]

1. d4 c5 2. d5 Nf6 3. c4 b5 4. cxb5 a6 5. e3 g6 6. Nc3 Bg7 7. Nf3 O-O 8. Be2 d6
9. O-O axb5 10. Bxb5 Ba6 11. Qd3 Bxb5 12. Nxb5 Nbd7 13. Nc3 Ng4 14. e4 Nge5 15.
Nxe5 Nxe5 16. Qe2 c4 17. f4 Nd3 18. Nd1 Qb6+ 19. Be3 Bd4 20. Bxd4 Qxd4+ 21. Kh1
Rfb8 22. Qe3 Qxe3 23. Nxe3 Rxb2 24. Nxc4 Rbxa2 25. Rxa2 Rxa2 26. e5 Nxf4 27.
exd6 exd6 28. Nxd6 Nxd5 29. h3 f5 30. Re1 Ra7 31. Nb5 Re7 32. Rxe7 Nxe7 33. Nd4
Kf7 34. Kg1 Kf6 35. Nf3 f4 36. Kf2 Nf5 37. Nd2 Ng3 38. Kf3 Kf5 39. Nc4 g5 40.
Nd6+ Kg6 41. Nc4 h5 42. Nd6 Kg7 43. Nc4 Kf6 44. h4 Nf5 45. hxg5+ Kxg5 46. Ne5
Nh4+ 47. Kf2 Kf5 48. g3 Kxe5 49. gxh4 Ke4 50. Kf1 Ke3 51. Kg1 Ke2 52. Kg2 f3+
53. Kg1 f2+ 54. Kh2 f1=Q 55. Kg3 Qf3+ 56. Kh2 Qg4 57. Kh1 0-1

[Event "VII Festival A"]
[Site "Savigliano ITA"]
[Date "2009.05.31"]
[Round "5"]
[White "Ravazzolo, Gildo"]
[Black "Gallitto, Salvatore"]
[Result "0-1"]
[WhiteElo "1479"]
[BlackElo "1957"]
[PlyCount "147"]
[EventDate "2009.05.28"]

1. c4 e6 2. Nf3 d5 3. cxd5 exd5 4. d4 c6 5. Bf4 Bd6 6. Qd2 Nf6 7. Nc3 Bf5 8.
Bxd6 Qxd6 9. e3 Ne4 10. Nxe4 Bxe4 11. Ng5 Bg6 12. Bd3 Nd7 13. O-O Nf6 14. Qe2
h6 15. Nf3 Bh5 16. h3 Qe6 17. Rfe1 O-O 18. Qd1 Rfe8 19. Be2 Bg6 20. Bd3 Ne4 21.
Rc1 Bf5 22. Rc2 g5 23. Nh2 Re7 24. Bxe4 Bxe4 25. Rce2 Qg6 26. Ng4 f6 27. f3 Bd3
28. Rd2 Ba6 29. Nf2 f5 30. g4 Rd8 31. gxf5 Qxf5 32. Ng4 Kh7 33. Kg2 h5 34. Ne5
Rf8 35. Qc2 Kg7 36. Qxf5 Rxf5 37. Rf2 c5 38. Rg1 cxd4 39. exd4 Rf4 40. Rd2 Rc7
41. Kf2 Kf6 42. Ke3 Bb5 43. Rdg2 Rf5 44. h4 Rg7 45. hxg5+ Rfxg5 46. Rxg5 Rxg5
47. Rxg5 Kxg5 48. Nf7+ Kf6 49. Ne5 Kf5 50. Nf7 Bc6 51. Ne5 h4 52. Kf2 Bb5 53.
Nf7 Kf4 54. Ne5 Kf5 55. Kg2 Kf4 56. Kf2 h3 57. Ng6+ Kg5 58. Ne5 h2 59. Kg2
h1=Q+ 60. Kxh1 Kf4 61. Kg2 Ke3 62. f4 Kxf4 63. Kf2 Ke4 64. Ke1 Kxd4 65. Nf3+
Ke3 66. Nd2 Bd3 67. Kd1 b6 68. a3 Bg6 69. b4 Kd3 70. Kc1 Kc3 71. b5 Bd3 72. a4
Kb4 73. Nf3 Kxa4 74. Nd4 0-1

[Event "VII Festival A"]
[Site "Savigliano ITA"]
[Date "2009.05.31"]
[Round "5"]
[White "Roversi, Stefano"]
[Black "Ariaudo, Claudio"]
[Result "1/2-1/2"]
[WhiteElo "1871"]
[BlackElo "2023"]
[PlyCount "35"]
[EventDate "2009.05.28"]

1. e4 e6 2. d3 d5 3. Nd2 Nf6 4. e5 Nfd7 5. g3 c5 6. Ngf3 Nc6 7. Qe2 Qc7 8. c4
d4 9. Ne4 Ndxe5 10. Nxe5 Qxe5 11. Bf4 Qf5 12. Bd6 b6 13. Bg2 Bd7 14. O-O Be7
15. Rae1 Rd8 16. Bc7 Rc8 17. Bd6 Rd8 18. Bc7 1/2-1/2

[Event "VII Festival A"]
[Site "Savigliano ITA"]
[Date "2009.05.31"]
[Round "5"]
[White "Sarno, Spartaco"]
[Black "Petritaj, Ferdinando"]
[Result "1/2-1/2"]
[WhiteElo "2332"]
[BlackElo "2192"]
[PlyCount "26"]
[EventDate "2009.05.28"]

1. Nf3 Nf6 2. c4 e6 3. g3 b6 4. Bg2 Bb7 5. O-O c5 6. b3 Be7 7. Bb2 O-O 8. e3
Qc7 9. Qe2 d5 10. Nc3 a6 11. Rac1 Nbd7 12. Rfd1 dxc4 13. bxc4 Ne4 1/2-1/2

[Event "VII Festival A"]
[Site "Savigliano ITA"]
[Date "2009.05.31"]
[Round "5"]
[White "Sorcinelli, Francesco"]
[Black "Blengino, Luca"]
[Result "1-0"]
[WhiteElo "2116"]
[BlackElo "1894"]
[PlyCount "60"]
[EventDate "2009.05.28"]

1. e4 c5 2. Nc3 Nc6 3. Nge2 g6 4. d4 cxd4 5. Nxd4 Bg7 6. Be3 d6 7. Qd2 Nf6 8.
f3 O-O 9. O-O-O d5 10. exd5 Nxd5 11. Nxc6 bxc6 12. Bd4 Bxd4 13. Qxd4 Qc7 14. h4
h5 15. Nxd5 cxd5 16. Qd2 Bf5 17. Bd3 Bxd3 18. Qxd3 Qf4+ 19. Kb1 Rfd8 20. Rde1
Rab8 21. b3 e6 22. g4 hxg4 23. fxg4 Rb4 24. h5 g5 25. h6 Qd4 26. Qg3 Qf4 27.
Qc3 Rd4 28. h7+ Kg7 29. Ref1 Qe5 30. Qh3 Qf4 1-0

[Event "VII Festival A"]
[Site "Savigliano ITA"]
[Date "2009.05.31"]
[Round "5"]
[White "Topczewski, Damian"]
[Black "Longo, Luigi"]
[Result "1-0"]
[WhiteElo "2077"]
[BlackElo "1931"]
[PlyCount "149"]
[EventDate "2009.05.28"]

1. e4 e6 2. d4 d5 3. Nc3 Nf6 4. e5 Nfd7 5. f4 c5 6. Nf3 Nc6 7. Be3 a6 8. Qd2
Qb6 9. Nd1 cxd4 10. Nxd4 Nxd4 11. Bxd4 Bc5 12. c3 a5 13. Qf2 O-O 14. Bd3 f6 15.
exf6 Bxd4 16. Qxd4 Qxd4 17. cxd4 Nxf6 18. O-O Bd7 19. Rc1 Rfc8 20. Ne3 Kf7 21.
g4 g6 22. g5 Ne8 23. Ng4 Ke7 24. Ne5 Nd6 25. Kf2 Bb5 26. Bxb5 Nxb5 27. Ke3 Nd6
28. Kd3 Ne4 29. Ke3 Kd8 30. Nd3 Rxc1 31. Rxc1 Rc8 32. Rxc8+ Kxc8 33. Ne5 Kc7
34. Nf3 Kd6 35. h4 Ke7 36. Kd3 Nf2+ 37. Kd2 Ne4+ 38. Ke3 Kd6 39. Ne5 Ng3 40.
Nf3 Nf5+ 41. Kf2 Kc6 42. Kg2 Kd6 43. Kh3 Ke7 44. Kg4 Ne3+ 45. Kh3 Nf5 46. Kg2
Kd6 47. Kf2 Ke7 48. Ke2 Ng3+ 49. Kd3 Ne4 50. Ne5 Kd6 51. Ke3 Ke7 52. Kf3 Ke8
53. Kg2 Nf6 54. Kf3 Ne4 55. Nd3 b6 56. Kg4 Nd6 57. h5 Nf5 58. hxg6 hxg6 59. Ne5
Nxd4 60. Nxg6 Nf5 61. Ne5 Ke7 62. Kh5 Ng7+ 63. Kg6 Nf5 64. Kh7 a4 65. g6 d4 66.
g7 Nxg7 67. Kxg7 Kd6 68. Kf6 Kd5 69. Nd7 b5 70. Ne5 b4 71. Nd3 b3 72. axb3 axb3
73. Nf2 d3 74. Nxd3 Ke4 75. Nc5+ 1-0

[Event "VII Festival A"]
[Site "Savigliano ITA"]
[Date "2009.05.31"]
[Round "5"]
[White "Torrione, William"]
[Black "Moncelli, Giorgio"]
[Result "1-0"]
[WhiteElo "1939"]
[BlackElo "2071"]
[PlyCount "37"]
[EventDate "2009.05.28"]

1. d4 d6 2. c4 Nf6 3. Nc3 g6 4. e4 Bg7 5. f3 O-O 6. Be3 b6 7. Qd2 c5 8. d5 Re8
9. Nge2 Na6 10. g4 Nc7 11. Ng3 a5 12. h4 b5 13. h5 e6 14. Bh6 Bh8 15. g5 Nd7
16. hxg6 fxg6 17. dxe6 Nxe6 18. cxb5 Nd4 19. Qxd4 1-0

[Event "VII Festival A"]
[Site "Savigliano ITA"]
[Date "2009.05.31"]
[Round "6"]
[White "Aglietti, Graziano"]
[Black "Roversi, Stefano"]
[Result "1/2-1/2"]
[WhiteElo "2020"]
[BlackElo "1871"]
[PlyCount "49"]
[EventDate "2009.05.28"]

1. e4 c5 2. Nf3 Nc6 3. d4 cxd4 4. Nxd4 a6 5. c4 Nf6 6. Nc3 d6 7. Be2 g6 8. Be3
Bg7 9. O-O O-O 10. h3 Qc7 11. Rc1 e6 12. a3 Bd7 13. b4 Nxd4 14. Bxd4 Rac8 15.
c5 dxc5 16. Bxc5 Rfe8 17. Bd6 Qb6 18. e5 Nd5 19. Ne4 Nf4 20. Bc4 Bb5 21. Nc5
Qc6 22. Qg4 Bxc4 23. Rxc4 Nd3 24. Qd4 Nxc5 25. Rxc5 1/2-1/2

[Event "VII Festival A"]
[Site "Savigliano ITA"]
[Date "2009.05.31"]
[Round "6"]
[White "Ariaudo, Claudio"]
[Black "Dominici, Alessandro"]
[Result "1-0"]
[WhiteElo "2023"]
[BlackElo "1823"]
[PlyCount "40"]
[EventDate "2009.05.28"]

1. d4 Nf6 2. c4 g6 3. Nc3 Bg7 4. e4 d6 5. Nf3 O-O 6. Be2 Nbd7 7. Be3 e5 8. O-O
exd4 9. Nxd4 Nc5 10. f3 Ne6 11. Qc2 Nxd4 12. Bxd4 c6 13. Rfd1 Qa5 14. a3 c5 15.
b4 Qc7 16. Nb5 Qe7 17. Bc3 cxb4 18. Bxb4 Rd8 19. e5 Nd5 20. cxd5 Qxe5 1-0

[Event "VII Festival A"]
[Site "Savigliano ITA"]
[Date "2009.05.31"]
[Round "6"]
[White "Barletta, Mauro"]
[Black "Sarno, Spartaco"]
[Result "1/2-1/2"]
[WhiteElo "2224"]
[BlackElo "2332"]
[PlyCount "20"]
[EventDate "2009.05.28"]

1. e4 d6 2. d4 Nf6 3. Nc3 g6 4. f4 Bg7 5. e5 Nfd7 6. Nf3 O-O 7. Bc4 Nb6 8. Bb3
Nc6 9. Ne4 Na5 10. O-O d5 1/2-1/2

[Event "VII Festival A"]
[Site "Savigliano ITA"]
[Date "2009.05.31"]
[Round "6"]
[White "Blengino, Luca"]
[Black "Porzio, Franco"]
[Result "1-0"]
[WhiteElo "1894"]
[BlackElo "1649"]
[PlyCount "89"]
[EventDate "2009.05.28"]

1. d4 d5 2. Nf3 Nf6 3. c4 e6 4. Nc3 Nbd7 5. e3 Bb4 6. a3 Bxc3+ 7. bxc3 c6 8.
cxd5 cxd5 9. Bd3 Qc7 10. Qc2 b6 11. O-O O-O 12. a4 Bb7 13. Ba3 Rfe8 14. Ng5 g6
15. f4 Ne4 16. Nxe4 dxe4 17. Be2 Nf6 18. Rfc1 Nd5 19. Qd2 Rec8 20. c4 Nf6 21.
Qb4 Rab8 22. Qd6 Qc6 23. Qxc6 Bxc6 24. Bd6 Ra8 25. a5 Nd7 26. c5 bxc5 27. dxc5
a6 28. Rab1 Nf6 29. h3 Nd5 30. Kf2 f6 31. g3 Kf7 32. Bc4 Ke8 33. Rb3 Kd7 34.
Rcb1 Nc7 35. Bxc7 Rxc7 36. Rb6 Bd5 37. Bxd5 exd5 38. Rd6+ Ke7 39. Rxd5 Rac8 40.
Rc1 Rc6 41. Ke2 Rb8 42. Rcd1 Rb2+ 43. Kf1 Rb7 44. R1d4 Ke6 45. Rd6+ 1-0

[Event "VII Festival A"]
[Site "Savigliano ITA"]
[Date "2009.05.31"]
[Round "6"]
[White "Finocchiaro, Gianluca"]
[Black "Sorcinelli, Francesco"]
[Result "0-1"]
[WhiteElo "2064"]
[BlackElo "2116"]
[PlyCount "78"]
[EventDate "2009.05.28"]

1. e4 g6 2. d4 Bg7 3. Nc3 d6 4. Nf3 a6 5. a4 Nf6 6. h3 O-O 7. Be3 c6 8. Be2 Qc7
9. O-O Nbd7 10. Qd2 Re8 11. Bc4 Nxe4 12. Bxf7+ Kxf7 13. Nxe4 Nf6 14. Nxf6 exf6
15. Rfe1 Be6 16. Bf4 b5 17. axb5 axb5 18. Qb4 Bf8 19. Nd2 Qd7 20. Ne4 Rxa1 21.
Rxa1 c5 22. dxc5 dxc5 23. Qc3 Qd4 24. Ra7+ Re7 25. Nd6+ Kg8 26. Rxe7 Qxc3 27.
bxc3 Bxe7 28. Nxb5 Bf5 29. Na3 Kf7 30. g4 Be6 31. Nb5 Bd7 32. Nd6+ Ke6 33. Ne4
Kd5 34. f3 f5 35. gxf5 gxf5 36. Ng5 h5 37. h4 Kc4 38. Bd2 Bf6 39. Nf7 Bxc3 0-1

[Event "VII Festival A"]
[Site "Savigliano ITA"]
[Date "2009.05.31"]
[Round "6"]
[White "Godena, Michele"]
[Black "Piantadosi, Angelo"]
[Result "1-0"]
[WhiteElo "2538"]
[BlackElo "1685"]
[PlyCount "57"]
[EventDate "2009.05.28"]

1. e4 e6 2. d4 d5 3. Nd2 dxe4 4. Nxe4 Nd7 5. Nf3 Ngf6 6. Nxf6+ Nxf6 7. c3 Be7
8. Bd3 O-O 9. Qe2 b6 10. Bf4 Bb7 11. Rd1 Nd5 12. Bg3 Bf6 13. Qe4 g6 14. c4 Nc3
15. Qxb7 Nxd1 16. Kxd1 Bxd4 17. Nxd4 Qxd4 18. Kc2 c5 19. Re1 Rad8 20. Qf3 Qd7
21. Be5 f5 22. Qe3 Rde8 23. f4 Qc6 24. g3 Rf7 25. Bc3 Qd6 26. Rd1 Rd7 27. Be2
Qc7 28. Rxd7 Qxd7 29. Qe5 1-0

[Event "VII Festival A"]
[Site "Savigliano ITA"]
[Date "2009.05.31"]
[Round "6"]
[White "Longo, Luigi"]
[Black "Gallitto, Salvatore"]
[Result "1-0"]
[WhiteElo "1931"]
[BlackElo "1957"]
[PlyCount "117"]
[EventDate "2009.05.28"]

1. d4 d5 2. Nf3 e6 3. c3 Bd6 4. Bg5 Ne7 5. e3 f6 6. Bh4 Nf5 7. Bd3 O-O 8. Bg3
Nxg3 9. hxg3 f5 10. Ne5 Qe8 11. Nd2 Nd7 12. f4 Nf6 13. Be2 g6 14. g4 Ne4 15.
Nxe4 fxe4 16. g5 Bxe5 17. dxe5 Qc6 18. Qd2 a5 19. Kf2 b5 20. a3 Qb6 21. g3 c5
22. Rh6 Ra7 23. Rhh1 Rd8 24. Rhd1 a4 25. Qc2 Bb7 26. Kf1 Bc6 27. Rd2 Kg7 28.
Rad1 Rad7 29. Kg2 d4 30. cxd4 cxd4 31. Rxd4 Rxd4 32. Rxd4 Rxd4 33. exd4 e3+ 34.
Kg1 Bd5 35. Qc5 Qa6 36. Qc3 Qa8 37. Qxe3 Bh1 38. Bf1 Qb7 39. Kf2 b4 40. axb4
Qxb4 41. Qc3 Qb7 42. Ke1 Qe4+ 43. Kd2 Qb7 44. Bh3 Kf7 45. Bg4 Bd5 46. Ke2 Bh1
47. Kf2 Bd5 48. Be2 Bb3 49. Bf3 Qb6 50. Qc5 Qd8 51. Ke3 Ba2 52. Qb4 Qc8 53. Kd2
Qd7 54. Qb7 Ke7 55. Qxd7+ Kxd7 56. Kc3 Kc7 57. Bd1 a3 58. bxa3 Bd5 59. Bb3 1-0

[Event "VII Festival A"]
[Site "Savigliano ITA"]
[Date "2009.05.31"]
[Round "6"]
[White "Marello, Giampiero"]
[Black "Ravazzolo, Gaia"]
[Result "1/2-1/2"]
[WhiteElo "1709"]
[BlackElo "1675"]
[PlyCount "52"]
[EventDate "2009.05.28"]

1. e4 c6 2. d4 d5 3. e5 c5 4. c3 Nc6 5. Nf3 Bg4 6. Be2 e6 7. Be3 cxd4 8. cxd4
Bb4+ 9. Nc3 Nge7 10. O-O O-O 11. Rc1 Bxf3 12. Bxf3 Nf5 13. a3 Ba5 14. Bg4 Nfe7
15. b4 Bb6 16. Na4 Ng6 17. Nxb6 Qxb6 18. Rc5 Rfc8 19. Qd2 Nf8 20. Rfc1 Nd7 21.
R5c3 a6 22. Be2 Na7 23. R1c2 Rxc3 24. Rxc3 Rc8 25. Qc1 Rxc3 26. Qxc3 Nc6
1/2-1/2

[Event "VII Festival A"]
[Site "Savigliano ITA"]
[Date "2009.05.31"]
[Round "6"]
[White "Martin, Tiziano"]
[Black "Muha, Zdravko"]
[Result "0-1"]
[WhiteElo "1967"]
[BlackElo "2113"]
[PlyCount "62"]
[EventDate "2009.05.28"]

1. d4 d5 2. Nf3 Nf6 3. c4 e6 4. e3 Ne4 5. Nbd2 f5 6. Nxe4 fxe4 7. Ne5 Qf6 8.
Be2 Bd6 9. f4 exf3 10. Nxf3 O-O 11. O-O c6 12. Qc2 Qe7 13. Bd3 h6 14. e4 dxe4
15. Bxe4 Nd7 16. Bd2 Nf6 17. Bd3 Bd7 18. Rae1 Be8 19. Ne5 Rd8 20. Bc3 Qc7 21.
h3 c5 22. Qe2 cxd4 23. Bxd4 Bc5 24. Bxc5 Qxc5+ 25. Kh1 Bh5 26. g4 Be8 27. Bb1
Bc6+ 28. Nxc6 Qxc6+ 29. Kg1 Qc5+ 30. Rf2 Rd6 31. Kh2 Nxg4+ 0-1

[Event "VII Festival A"]
[Site "Savigliano ITA"]
[Date "2009.05.31"]
[Round "6"]
[White "Petritaj, Ferdinando"]
[Black "Piscopo, Pierluigi"]
[Result "0-1"]
[WhiteElo "2192"]
[BlackElo "2405"]
[PlyCount "42"]
[EventDate "2009.05.28"]

1. e4 c5 2. Nf3 Nc6 3. d4 cxd4 4. Nxd4 Nf6 5. Nc3 e5 6. Ndb5 d6 7. Bg5 a6 8.
Bxf6 gxf6 9. Na3 b5 10. Nd5 f5 11. Bxb5 axb5 12. Nxb5 Ra4 13. Nbc7+ Kd7 14. Qh5
Rxe4+ 15. Kf1 Ne7 16. Qxf7 Kc6 17. c4 Nxd5 18. cxd5+ Kb7 19. Ne6+ Qd7 20. f3
Rb4 21. Qxf5 Qb5+ 0-1

[Event "VII Festival A"]
[Site "Savigliano ITA"]
[Date "2009.05.31"]
[Round "6"]
[White "Ravazzolo, Gildo"]
[Black "Araniti, Michelangelo"]
[Result "1/2-1/2"]
[WhiteElo "1479"]
[BlackElo "1795"]
[PlyCount "72"]
[EventDate "2009.05.28"]

1. Nf3 e6 2. c4 d5 3. e3 Nf6 4. d4 Bd6 5. c5 Be7 6. Bd3 b6 7. b4 a5 8. Bd2 Ne4
9. O-O f5 10. Ne5 O-O 11. Qh5 Bd7 12. f4 Be8 13. Qe2 axb4 14. Bxe4 fxe4 15.
Bxb4 bxc5 16. Bxc5 Bd7 17. Bxe7 Qxe7 18. h3 Nc6 19. Nxc6 Bxc6 20. Rc1 Bb7 21.
Qb5 c6 22. Qc5 Qc7 23. Nc3 Ra5 24. Qb4 Ba6 25. Rab1 Bc4 26. Qb6 Ra7 27. a4 Rc8
28. a5 Rxa5 29. Qxc7 Rxc7 30. Rb8+ Kf7 31. Nxe4 dxe4 32. Rxc4 e5 33. Kf2 Ra2+
34. Kg3 h5 35. h4 Ra3 36. Kf2 Ra2+ 1/2-1/2

[Event "VII Festival A"]
[Site "Savigliano ITA"]
[Date "2009.05.31"]
[Round "6"]
[White "Sotgia, Cosimo"]
[Black "Di Chiara, Mauro"]
[Result "1-0"]
[WhiteElo "1859"]
[BlackElo "1869"]
[PlyCount "81"]
[EventDate "2009.05.28"]

1. e4 g6 2. d4 d6 3. Nf3 Bg7 4. Bc4 Nf6 5. Nc3 c6 6. Bg5 b5 7. Bxf6 Bxf6 8.
Nxb5 cxb5 9. Bd5 Qa5+ 10. Qd2 Qxd2+ 11. Kxd2 Bg4 12. c3 Kd7 13. Bxa8 Bxf3 14.
gxf3 e6 15. d5 Kc7 16. a4 b4 17. cxb4 Bxb2 18. Ra2 Bd4 19. Kd3 e5 20. Rc2+ Kd7
21. Bb7 f5 22. Rhc1 fxe4+ 23. fxe4 Ke7 24. Rc8 Rxc8 25. Rxc8 Nd7 26. Bc6 Nf6
27. f3 h5 28. Rc7+ Kf8 29. Bd7 g5 30. Bf5 g4 31. Bg6 gxf3 32. Rf7+ Kg8 33. Rxf6
Kg7 34. Rxd6 Kh6 35. Bxh5+ Kxh5 36. Rf6 Kg4 37. h4 Kg3 38. h5 Bb6 39. h6 Bd8
40. Rf5 f2 41. Ke2 1-0

[Event "VII Festival A"]
[Site "Savigliano ITA"]
[Date "2009.05.31"]
[Round "6"]
[White "Torrione, William"]
[Black "Topczewski, Damian"]
[Result "0-1"]
[WhiteElo "1939"]
[BlackElo "2077"]
[PlyCount "92"]
[EventDate "2009.05.28"]

1. d4 d5 2. c4 c6 3. Nf3 Nf6 4. Nbd2 Bf5 5. Nh4 Bg6 6. Nxg6 hxg6 7. e3 e6 8.
Be2 Bd6 9. h3 Nbd7 10. b3 Bb4 11. Qc2 Ne4 12. a3 Bxd2+ 13. Bxd2 Qh4 14. Rf1
Ndf6 15. Bf3 Ng5 16. Qd1 Nfe4 17. Bxe4 Nxe4 18. Qe2 f5 19. Bb4 a5 20. Bc5 Qg5
21. Qf3 Nxc5 22. dxc5 Qf6 23. Qd1 Qc3+ 24. Ke2 dxc4 25. Rc1 Qb2+ 26. Qc2 Qxc2+
27. Rxc2 cxb3 28. Rc4 a4 29. Rb4 Ra7 30. Rc1 Ke7 31. Rcc4 Rha8 32. f4 Kf6 33.
h4 e5 34. g3 exf4 35. exf4 Ke6 36. Rd4 Ke7 37. Rdc4 Kd7 38. Rd4+ Kc7 39. Kd2
Rd8 40. Kc3 Rxd4 41. Rxd4 Ra8 42. Rc4 b5 43. cxb6+ Kxb6 44. Kb2 c5 45. Rc1 Kb5
46. Re1 Ra6 0-1

[Event "VII Festival A"]
[Site "Savigliano ITA"]
[Date "2009.05.31"]
[Round "6"]
[White "Vinciguerra, Marco"]
[Black "Manni, Stefano"]
[Result "1-0"]
[WhiteElo "2057"]
[BlackElo "2036"]
[PlyCount "21"]
[EventDate "2009.05.28"]

1. e4 c6 2. Nc3 d5 3. Nf3 Bg4 4. Be2 d4 5. Nxd4 Bxe2 6. Ndxe2 e5 7. O-O Bc5 8.
d3 Nf6 9. Ng3 h5 10. Bg5 Nbd7 11. Na4 1-0

[Event "III Open A"]
[Site "Conegliano ITA"]
[Date "2009.05.31"]
[Round "3"]
[White "Fedorchuk, Sergey A."]
[Black "Rombaldoni, Denis"]
[Result "0-1"]
[WhiteElo "2656"]
[BlackElo "2442"]
[PlyCount "71"]
[EventDate "2009.05.29"]

1. e4 c5 2. Nf3 d6 3. d4 cxd4 4. Nxd4 Nf6 5. Nc3 Nc6 6. Bg5 e6 7. Qd2 a6 8.
O-O-O Nxd4 9. Qxd4 Be7 10. f3 b5 11. h4 Bb7 12. Kb1 Qc7 13. Qd2 Rc8 14. Bd3 h6
15. Be3 b4 16. Ne2 d5 17. e5 Ne4 18. Qe1 Nc5 19. Bxc5 Bxc5 20. Qg3 O-O 21. f4
a5 22. Rdf1 Kh8 23. f5 exf5 24. Rxf5 a4 25. Nf4 b3 26. Ng6+ Kg8 27. Nxf8 bxc2+
28. Bxc2 Be3 29. Rf2 d4 30. Nh7 Kh8 31. Ng5 Bd5 32. a3 f5 33. b4 f4 34. Qg4 Qc4
35. Qxc8+ Qxc8 36. Bg6 0-1

[Event "II Open A"]
[Site "Alba Adriatica ITA"]
[Date "2009.05.30"]
[Round "1"]
[White "Celli, Dario"]
[Black "Martella, Antonio"]
[Result "1-0"]
[WhiteElo "2108"]
[BlackElo "1850"]
[PlyCount "75"]
[EventDate "2009.05.30"]

1. d4 d5 2. c4 e6 3. Nc3 Nf6 4. Bg5 Be7 5. Nf3 Nbd7 6. e3 O-O 7. Qc2 a6 8. Rd1
Re8 9. Bd3 c5 10. Bxf6 Nxf6 11. dxc5 Qa5 12. cxd5 exd5 13. O-O Qxc5 14. h3 Be6
15. Ng5 h6 16. Nxe6 fxe6 17. Bg6 Red8 18. Qd3 Qc4 19. Qb1 Bc5 20. Rc1 Qh4 21.
Ne2 Bd6 22. Nd4 e5 23. Nf5 Qb4 24. a3 Qb6 25. Qa2 Bf8 26. e4 Kh8 27. exd5 Rxd5
28. Nh4 Rd4 29. Nf3 Rd5 30. Bf7 Rc5 31. Rxc5 Qxc5 32. Qe6 Qd6 33. Qf5 g5 34.
Nxe5 Nh7 35. Be6 Qc7 36. Rd1 Bd6 37. Rxd6 Rf8 38. Nf7+ 1-0